The second conference of the Academy of Islamic Research, el Moharram 1385 A.H. / May, 1965 A.D. /
محفوظ في:
مؤلف مشترك:
التنسيق: كتاب
اللغة:
English
Arabic
منشور في:
[Cairo :
publisher not identified,
1966].
الموضوعات:
الوسوم: إضافة وسم
لا توجد وسوم, كن أول من يضع وسما على هذه التسجيلة!
رقم الطلب: BP10 .M313 1965
| LEADER | 01010nam a22002771 4500 | ||
|---|---|---|---|
| 001 | 84 | ||
| 003 | OSt | ||
| 005 | 20250921075135.0 | ||
| 008 | 130303s1966 ua b 100 0 eng d | ||
| 010 | |a ne 68001784 | ||
| 025 | |a PL480:UAR-8507 | ||
| 040 | |c ARCE Library | ||
| 041 | 1 | |a eng |h ara | |
| 050 | 4 | |a BP10 .M313 1965 | |
| 110 | 2 | |a Majmaʻ al-Buḥūth al-Islāmīyah, | |
| 240 | 1 | 0 | |a al-Muʻtamar al-Thānī li-Majmaʻ al Buḥūth al Islāmīyah. |l English |
| 245 | 1 | 4 | |a The second conference of the Academy of Islamic Research, el Moharram 1385 A.H. / May, 1965 A.D. / |c Majmaʻ al-Buḥūth al-Islāmīyah. |
| 264 | 1 | |a [Cairo : |b publisher not identified, |c 1966]. | |
| 300 | |a 337 pages ; |c 24 cm. | ||
| 500 | |a At head of title : al-Azhar, Academy of Islamic Research. | ||
| 500 | |a Translation of : al-Muʼtamar al-Thānī il-Majmaʻ al-Buḥhūth al-Islāmīyah. | ||
| 504 | |a Includes bibliographical footnotes. | ||
| 650 | 0 | |a Islam |v Congresses. | |
| 901 | |a reviewed | ||
| 942 | |c BK |2 lcc | ||
| 999 | |c 9784 |d 9784 | ||
